=LDR 00000nam 2200000 4500 =001 INLIS000000000046862 =005 20150521122514.0 =006 =007 =008 =035 ##$$0010-051500000000121 =082 ##$$a 412-Gun-b =100 ##$$a Gunawan =245 ##$$a Berlatih menyusun paragraf =260 ##$$a Jakarta $b Arya Duta $c 2008 =300 ##$$a vi,82 hlm $c 23 Cm =850 ##$$aNBPNMAT =990 ##$$a 0001/BPAP-NTB/20142015 =990 ##$$a 0001/BPAP-NTB/2016 =990 ##$$a 0001/BPAP-NTB/2016